Statistics for World War II Basic Knowledge #1

Click here to take the quiz!

General Stats

  • This quiz has been taken 414 times
  • The average score is 13 of 15

Answer Stats

QuestionAnswer% Correct
Who was the dictator of Germany?Adolfus Hitler
100%
When did WWII ended?1945
95%
What political party controlled Germany?The National Socialist German Workers' Party
95%
Which side was Italy in?Axis
94%
Was Switzerland neutral?Yes
94%
Who was the Prime Minister of Britain?Winston Churchill
92%
Which side was the United States in?Allies
90%
Who was the Duce of Italy?Benito Mussolini
88%
Which country was first bliztkrieg by Germany?Poland
88%
Which country did Japan attack first?China
86%
Which act of war led the USA into WWII?Attack of Pearl Harbor
78%
What organization was set up after WWII?United Nations
75%
Which treaty in WWI limit the German military power?Treaty of Versailles
70%
What organization was set up before WWII to prevent war?League of Nations
59%
What kind of government was set up in the main Axis powers?Fascism
53%

Score Distribution

Percentile by Number Answered

Percent of People with Each Score

Your Score History

You have not taken this quiz